000 01010cam a2200205 i 4500
001 18981847
005 20260121051249.0
008 160219s2016 ilua b 001 0 eng
020 _a9780875807393
_q(hbk.)
082 _a363.232 DAL
100 1 _aDale, Elizabeth
245 1 0 _aRobert Nixon and Police Torture in Chicago, 1871-1971 /
_cElizabeth Dale.
264 1 _aDeKalb :
_bNorth Illinois University Press,
_c2016.
300 _a151 p. :
_bill. ;
_c23 cm.
505 _aIntroduction: Police Torture in Chicago before Jon Burge 1 Chapter 1 Police Torture in Chicago, 1871-1936 5 Chapter 2 Murder in Black and White 28 Chapter 3 On Trial 53 Chapter 4 Appeal 83 Chapter 5 Patterns and Practice, 1936-1971 102 Conclusion: The Burden of Proof 121 Notes 125 Selected Bibliography 141 Index 147 Acknowledgments 153
650 0 _aPolice brutality
_zIllinois
_zChicago
_xHistory.
650 0 _aPolice misconduct
_zIllinois
_zChicago
_xHistory.
650 0 _aTorture
_zIllinois
_zChicago
_xHistory.
942 _2ddc
_cBK
999 _c111801
_d111801